| 000 | 00882nam a22002657a 4500 | ||
|---|---|---|---|
| 001 | 7941 | ||
| 003 | FISKH | ||
| 005 | 20250814112449.0 | ||
| 008 | 250814b cb ||||| |||| 00| 0 eng d | ||
| 020 | _a9781409309079 | ||
| 040 |
_aFISKH _beng _cFISKH _dFISKH |
||
| 050 | _aPZ7 | ||
| 082 | _a823.92 | ||
| 100 | _aAstley, Neville | ||
| 245 | _aGeorge's first day at playgroup / | ||
| 260 |
_aVictoria : _bPenguin Books, _c2011. |
||
| 300 |
_a18 unnumbered pages : _bcolor illustrations ; _c21 cm |
||
| 505 | _aG | ||
| 520 | _aJoin Peppa and George as they go to playgroup. It is George's first day and Peppa doesn't really want him there. But when all of her friends want a little brother too, will Peppa change her mind? | ||
| 521 | 8 |
_a380
_bLexile estimate |
|
| 521 | 8 |
_aG
_bRaz-Plus |
|
| 650 |
_aPicture book _vPeppa Pig |
||
| 942 |
_2ddc _cBK _n0 |
||
| 999 |
_c7941 _d7941 |
||